Holiday Quiz

Random Holiday or Lyrics Quiz

Must be Santa lyrics Quiz Stats

 Plays Quiz not verified by Sporcle

Score 0/262 Timer 07:00
0 Plays Today
% Correct
Santa
100%
Santa
100%
Santa
100%
Santa
100%
Santa
100%
Santa
100%
Santa
100%
Santa
100%
Santa
100%
Santa
100%
Santa
100%
Santa
100%
Santa
100%
Santa
100%
Santa
100%
Santa
100%
Santa
100%
Santa
100%
Santa
100%
Santa
100%
Santa
100%
Santa
100%
Santa
100%
Santa
100%
Santa
100%
Must
98.7%
be
98.7%
must
98.7%
be
98.7%
Must
98.7%
be
98.7%
Must
98.7%
be
98.7%
must
98.7%
be
98.7%
Must
98.7%
be
98.7%
Must
98.7%
be
98.7%
must
98.7%
be
98.7%
Must
98.7%
be
98.7%
Must
98.7%
be
98.7%
must
98.7%
be
98.7%
Must
98.7%
be
98.7%
Must
98.7%
be
98.7%
must
98.7%
be
98.7%
Must
98.7%
be
98.7%
Claus
83.3%
Claus
83.3%
Claus
83.3%
Claus
83.3%
Claus
83.3%
and
76.9%
and
76.9%
and
76.9%
and
76.9%
and
76.9%
a
75.6%
a
75.6%
a
75.6%
a
75.6%
a
75.6%
a
75.6%
a
75.6%
a
75.6%
a
75.6%
a
75.6%
Who
65.4%
Who
65.4%
Who
65.4%
Who
65.4%
Who
65.4%
of
61.5%
of
61.5%
ho
61.5%
ho
61.5%
ho
61.5%
ho
61.5%
ho
61.5%
ho
61.5%
% Correct
Ho
61.5%
ho
61.5%
ho
61.5%
Ho
61.5%
ho
61.5%
ho
61.5%
Ho
61.5%
ho
61.5%
ho
61.5%
got
60.3%
that’s
60.3%
got
60.3%
that’s
60.3%
that’s
60.3%
that’s
60.3%
that’s
60.3%
got
60.3%
got
60.3%
that’s
60.3%
that’s
60.3%
that’s
60.3%
that’s
60.3%
that’s
60.3%
that’s
60.3%
Who’s
59%
on
59%
night
59%
on
59%
night
59%
night
59%
red
59%
red
59%
on
59%
on
59%
on
59%
red
59%
night
59%
Who’s
59%
red
59%
red
59%
on
59%
red
59%
night
59%
on
59%
red
59%
night
59%
on
59%
red
59%
night
59%
white
57.7%
white
57.7%
white
57.7%
white
57.7%
white
57.7%
white
57.7%
white
57.7%
come
56.4%
come
56.4%
sleigh
56.4%
sleigh
56.4%
sleigh
56.4%
come
56.4%
sleigh
56.4%
come
56.4%
beard
55.1%
beard
55.1%
beard
55.1%
his
55.1%
his
55.1%
beard
55.1%
beard
55.1%
his
55.1%
his
55.1%
beard
55.1%
beard
55.1%
Santa’s
53.8%
comes
53.8%
comes
53.8%
big
53.8%
Santa’s
53.8%
big
53.8%
this
53.8%
this
53.8%
Santa’s
53.8%
long
52.6%
long
52.6%
long
52.6%
long
52.6%
% Correct
nose
52.6%
nose
52.6%
nose
52.6%
nose
52.6%
nose
52.6%
around
51.3%
around
51.3%
suit
51.3%
suit
51.3%
head
51.3%
head
51.3%
head
51.3%
suit
51.3%
way
51.3%
way
51.3%
head
51.3%
suit
51.3%
way
51.3%
way
51.3%
reindeer
51.3%
reindeer
51.3%
Reindeer
51.3%
way
51.3%
head
51.3%
suit
51.3%
Reindeer
51.3%
way
51.3%
head
51.3%
suit
51.3%
wears
50%
wears
50%
wears
50%
cap
50%
wears
50%
cap
50%
Cap
50%
Cap
50%
Cap
50%
Cap
50%
special
48.7%
special
48.7%
Special
48.7%
Special
48.7%
Special
48.7%
Special
48.7%
Special
48.7%
boots
47.4%
boots
47.4%
cherry
47.4%
cherry
47.4%
laughs
47.4%
laughs
47.4%
cherry
47.4%
will
47.4%
our
47.4%
will
47.4%
our
47.4%
our
47.4%
cherry
47.4%
our
47.4%
cherry
47.4%
little
44.9%
pull
44.9%
little
44.9%
pull
44.9%
soon
41%
soon
41%
Eight
41%
very
39.7%
very
39.7%
Prancer
35.9%
Prancer
35.9%
Dasher
34.6%
Dancer
34.6%
Dasher
34.6%
Dancer
34.6%
Vixen
33.3%
Vixen
33.3%
Kennedy
32.1%
Nixon
32.1%
Reagan
30.8%
Johnson
29.5%
Bush
29.5%
Clinton
29.5%
Eisenhower
24.4%
Carter
24.4%

You're not logged in!

Compare scores with friends on all Sporcle quizzes.
OR
Log In

Sporcle TV

Today on Sporcle TV


Watch our educational content, quiz creation guides, and fun videos on Sporcle TV.

Show Comments

Extras

Top Quizzes Today


Score Distribution

Your Account Isn't Verified!

In order to create a playlist on Sporcle, you need to verify the email address you used during registration. Go to your Sporcle Settings to finish the process.

Report this User

Report this user for behavior that violates our Community Guidelines.

Details: